| 000 | 03504nam0a2200397 4500 | ||
|---|---|---|---|
| 001 | RU\NLR\BIBL_A\022102089 | ||
| 005 | 20260419235634.0 | ||
| 010 |
_a978-5-502-01650-6 _9100 |
||
| 021 |
_aRU _bКН-П-23-075005 _9КН-П-23-7578 |
||
| 035 | _a(NLR Aleph) 022102089 | ||
| 035 | _a(RuMoRGB)012306597 | ||
| 090 |
_a13658645 _c13658645 |
||
| 100 | _a20231222d2023 u y0rusy50 ca | ||
| 101 | 0 | _arus | |
| 102 | _aRU | ||
| 105 | _aa|||j 000yy | ||
| 181 | 0 |
_ai _baxxe |
|
| 182 | 0 | _an | |
| 200 | 1 |
_aИспользование математического моделирования при проектировании и анализе запроектных и аварийных процессов в ядерных энергетических установках _eучебное пособие для студентов специальностей 14.05.02 "Атомные станции _eпроектирование, эксплуатация и инжиниринг", а также направления подготовки магистратуры 14.04.01 "Ядерная энергетика и теплофизика" _fЛ. В. Смирнов _gМинистерство науки и высшего образования Российской Федерации, Федеральное государственное бюджетное образовательное учреждение высшего образования "Нижегородский государственный технический университет им. Р. Е. Алексеева" |
|
| 203 |
_aТекст _bвизуальный _cнепосредственный |
||
| 210 |
_aНижний Новгород _cНижегородский государственный технический университет _d2023 |
||
| 215 |
_a63 с. _cил., портр. _d20 |
||
| 313 | _aРассмотрены примеры аварий на Чернобыльской АЭС и на Саяно-Шушенской ГЭС, технич. особенности, причины и характер развития этих аварий. | ||
| 320 | _aБиблиогр.: с. 60-62 | ||
| 601 | 0 | 2 |
_aЧернобыльская атомная электрическая станция _cПрипять, город; Украина _jУчебные издания для высших учебных заведений _xАвария _xМатематическое моделирование _92416959 _3RU\NLR\AUTH\661439648 |
| 601 | 0 | 2 |
_aСаяно-Шушенская ГЭС _jУчебные издания для высших учебных заведений _xАвария _xМатематическое моделирование _92596415 _3RU\NLR\AUTH\6601743510 |
| 606 | 1 |
_aЯдерные реакторы _jУчебные издания для высших учебных заведений _xФизические процессы _xМатематическое моделирование _92528950 _3RU\NLR\AUTH\6601712052 |
|
| 686 | 1 | _aЗ46-01с116я73-1 | |
| 686 | 1 | _aЗ474.23-082.03я73-1 | |
| 686 | 1 | _aЗ57-082.03я73-1 | |
| 700 | 1 |
_7ca _8rus _aСмирнов _bЛ. В. _cд-р техн. наук _f1934- _gЛев Васильевич _921491 _3RU\NLR\AUTH\7738507 |
|
| 856 | 4 |
_qapplication/pdf _s[65] с. _uhttp://dlib.rsl.ru/rsl01012000000/rsl01012306000/rsl01012306597/rsl01012306597.pdf _yЧитать |
|
| 942 | _cBOOK | ||
| 980 | _aNB | ||